00490nam a2200181Ia 4500008004100000020001800041041000800059082001300067100002500080245006800105250000600173260004800179300001500227365001300242440000600255650002400261650002300285210719s1995 xx 000 0 und d a81-7229-064-0 aeng a828 NARS aNARAYAN (Shriman) Ed aSelected works of Mahatma Gandhi: the voice of truth Ed 3 Vol 6 a3 aAhmedabadbNavajivan publishing housec1995 axv,555bPB b16.5cRs v6 aEnglish Collections aEnglish Literature